Poetas dramáticos españoles. (II) /

Detalles Bibliográficos
Autores principales: Molina, Tirso de, 1571?-1648 (Autor), Ruiz de Alarcón, Juan, 1580?-1639 (Autor), Moreto, Agustín, 1618-1669 (Autor)
Otros Autores: Grau, Jacinto, 1877-1958 (contributor agent of text.)
Formato: Electrónico eBook
Lenguaje:español
Publicado: Ciudad de México : Océano, [2017]
Edición:Primera edición en libro electrónico.
Materias:
Acceso en línea:Digitalia Hispánica

MARC

LEADER 00000nam a2200000Ii 4500
001 DIGOCEANO0030
003 NyNyDIG
006 m o d
007 cr |||||||||||
008 240404s2017 mx o 000 0 spa d
035 |a (OCoLC)1430189516 
040 |a DGITA  |b eng  |e rda  |e pn  |c DGITA 
020 |a 9786077351733  |q eBook 
020 |z 9788449417122 
050 1 4 |a PQ6221 ebook 
082 0 4 |a 862.308  |2 23 
245 0 0 |a Poetas dramáticos españoles.  |n (II) /  |c Tirso de Molina, Ruiz de Alarcón, Agustín Moreto ; estudio preliminar de Jacinto Grau. 
250 |a Primera edición en libro electrónico. 
264 1 |a Ciudad de México :  |b Océano,  |c [2017] 
300 |a 1 online resource. 
336 |a text  |b txt  |2 rdacontent 
337 |a computer  |b c  |2 rdamedia 
338 |a online resource  |b cr  |2 rdacarrier 
347 |a text file  |2 rdaft 
347 |b EPUB 
588 0 |a Online resource; title from ePub title page (Digitalia, viewed April 4, 2024) 
650 0 |a Spanish drama  |y Classical period, 1500-1700. 
700 1 |a Molina, Tirso de,  |d 1571?-1648,  |e author. 
700 1 |a Ruiz de Alarcón, Juan,  |d 1580?-1639,  |e author. 
700 1 |a Moreto, Agustín, 1618-1669,  |e author. 
700 1 |a Grau, Jacinto,  |d 1877-1958,  |e contributor agent of text. 
791 2 |a Digitalia (Firm),  |e distributor. 
793 0 |g Digitalia eBook Collection:  |a Editorial Océano 
776 0 8 |i Print version:  |t Poetas dramáticos españoles. (II).  |d Barcelona, España : Océano, [2000]  |z 9788449417122 
856 4 0 |3 Digitalia Hispánica  |u https://www.digitaliapublishing.com/a/85227/ 
910 |a Premium collection: 2024